| 000 | 01018nam a22002537a 4500 | ||
|---|---|---|---|
| 001 | BD-DhSAU 7469 | ||
| 003 | BD-DhSAU | ||
| 005 | 20240320133313.0 | ||
| 008 | 150422b2006 bg ||||| m||m 00| 0 eng d | ||
| 040 | _aBD-DhSAU | ||
| 082 |
_222 _a630 _bR339 |
||
| 100 |
_aREZAUL, RUBAYA BINTE _eRegistration No. # 20-11081 |
||
| 245 |
_aInfluence of organic and inorganic fertilizer management on growth and yield of maize / _bMS thesis |
||
| 260 |
_aSher-e- Bangla Agricultural University: _bDepartment of Agronomy, _c2022. |
||
| 300 |
_axii, 81p.: _b30 cm. |
||
| 500 | _aMS thesis of Department of Agronomy, Faculty of Agriculture, Sher-e-Bangla Agricultural University, Dhaka, Bangladesh | ||
| 590 | _aNamul | ||
| 650 | _aorganic and inorganic fertilizer | ||
| 651 | _amaize | ||
| 700 |
_aProf. Dr. Md. Abdullahil Baque _eSuperviser |
||
| 700 |
_aProf. Dr. Md. Fazlul Karim _eCo-Superviser |
||
| 856 | _uhttp://archive.saulibrary.edu.bd:8080/xmlui/handle/123456789/5128 | ||
| 942 |
_2ddc _cTHESIS |
||
| 999 |
_c17459 _d17458 |
||